Normal view
MARC view
Entry Personal Name
001 - CONTROL NUMBER
- control field: 34013
003 - CONTROL NUMBER IDENTIFIER
- control field: OSt
005 - DATE AND TIME OF LATEST TRANSACTION
- control field: 20221205151229.0
008 - FIXED-LENGTH DATA ELEMENTS
- fixed length control field: 221205|| aca||aabn | a|a d
040 ## - CATALOGING SOURCE
- Original cataloging agency: OSt
- Transcribing agency: OSt
100 ## - HEADING--PERSONAL NAME
- Personal name: Lavee, Einat
670 ## - SOURCE DATA FOUND
- Source citation: Work cat.: (OSt)520398: Lavee, Einat , Walking the talk of social equity? Street-level bureaucrats’ decision-making about the provision of personal resources
